Normal view
MARC view
- Lester Joseph B. Lopez
Entry Personal Name
001 - CONTROL NUMBER
- control field: 4055
003 - CONTROL NUMBER IDENTIFIER
- control field: URS
005 - DATE AND TIME OF LATEST TRANSACTION
- control field: 20230302091329.0
008 - FIXED-LENGTH DATA ELEMENTS
- fixed length control field: 230302|| aca||aabn | a|a d
040 ## - CATALOGING SOURCE
- Original cataloging agency: URS
100 ## - HEADING--PERSONAL NAME
- Personal name: Lester Joseph B. Lopez
- Relator term: Author